Presidents of Africa - Statistics

General Stats
  • This quiz has been taken 52 times
  • The average score is 9 of 55
Answer Stats
Country President % Correct
Cameroon Paul Biya
63%
Rwanda Paul Kagame
59%
Congo (Democratic Of Congo) Felix Tshisekedi
56%
South Africa Cyril Ramaphosa
47%
Egypt Abdel Fattah El Sisi
44%
Uganda Yoweri Museveni
41%
Chad Idriss Deby
34%
Kenya Uhuru Kenyatta
34%
Congo (Republic Of Congo) Denis Sassou Nguesso
31%
Eswatini (Swaziland) Mswati III
31%
Algeria Abdelmadijib Tebboune
28%
Angola Joao Lourenco
28%
Benin Patrice Talon
28%
Morocco Mohammed VI
25%
Nigeria Muhammadu Buhari
25%
Burundi Evariste Ndayishimiye
22%
Liberia George Weah
22%
Eritrea Isaias Afwerki
22%
Senegal Macky Sall
22%
Somalia Mohamed Abdullahi Mohamed
22%
Ivory Coast Alassane Ouattara
19%
Central African Republic Faustin Archange Touadera
19%
Botswana Mokgweeti Masisi
19%
Mozambique Filipe NyusI
16%
Ghana Nana Akufo Addo
16%
Burkina Faso Roch Marc Christian Kabore
13%
Sudan Abdel Fattah al-Burhan
9%
Libya Aguila Saleh Issa
9%
Gabon Ali Bongo Ondimba
9%
Guinea Alpha Conde
9%
Djibouti Ismail Omar Guelleh
9%
Tanzania John Magufuli
9%
Ethiopia Saleh Work Zewde
9%
South Sudan Salva Kiir Mayardit
9%
Madagascar Andry Rajoelina
6%
Comoros Azail Assoumani
6%
Seychelles Danny Faure
6%
Zimbabwe Emmerson Mnangagwa
6%
Togo Faure Gnassingbe
6%
Mali Ibrahim Boubacar Keïta
6%
Cape Verde Jorge Carlos Fonseca
6%
Malawi Lazarus Chakwera
6%
Equatorial Guinea Teodoro Obiang Nguema Mbasogo
6%
The Gambia Adama Barrow
3%
Zambia Edgar Lungu
3%
Namibia Hage Geingob
3%
Tunisia Kais Saied
3%
Lesotho Letsie III
3%
Mauritania Mohamed Ould Ghazouani
3%
Guinea Bissau Umaro Sissoco Embalo
3%
Western Sahara Brahim Ghali
0%
Sao Tome And Principe Evaristo Carvalho
0%
Sierra Leone Julius Maada Bio
0%
Niger Mahamadou Issoufou
0%
Mauritius Pritvirajsing Roopun
0%
No matching quizzes found
Score Distribution
Percent of People with Each Score
Percentile by Number Answered
Your Score History
You have not taken this quiz